Ανατολικόν τέλος

Saved in:
Bibliographic Details
Main Author: Ζαρκαδάκης, Γιώργος, 1964-
Format: Book
Language:Greek
Published: Αθήνα : Κέδρος, 1996.
Subjects:
Tags: Add Tag
No Tags, Be the first to tag this record!

MARC

LEADER 00000cam a2200000 i 4500
001 1/27035
008 060328s1996 gr | ||| |||| ||gre||
020 |a 9600411808 
035 |l 10083309 
040 |a GR-MyUA  |b gre  |e AACR2 
041 0 |a gre 
082 0 |a 889.3  |2 (22) 
100 1 |a Ζαρκαδάκης, Γιώργος,   |d 1964- 
245 1 0 |a Ανατολικόν τέλος /   |c Γιώργος Ζαρκαδάκης.  
260 |a Αθήνα :   |b Κέδρος,   |c 1996.  
300 |a 251 σ. ;   |c 21 εκ.  
650 0 0 |a Greek fiction, Modern. 
852 |a INST  |b SAMOS  |e 20060328  |h 889.3 ΖΑΡ  |p 005300024514  |q 005300024514  |t BK  |y 0 
901 |a BIBL3-2006-1 
909 |a Σ  |b 124857 
970 |a ΚΟΣΙΕΡΗΣ  |b ΧΡΗΣΤΟΣ  |z 2006/03/28